| 000 | 00538cam a2200205ua 4500 | ||
|---|---|---|---|
| 020 |
_a81-7029-228-X _c350.0 |
||
| 041 |
_aeng _h |
||
| 082 |
_a006.66 _bSTE/AD |
||
| 100 | _aStevens, Roger T . | ||
| 245 |
_aAdvanced graphics programming in C and C++ / _cRoger T Stevens. _hTextual Documents |
||
| 250 |
_a1 / _b. |
||
| 260 |
_aNew Delhi : _bB P B Publishers , _c1993. |
||
| 300 | _a542 ; . | ||
| 365 | _a350.0 | ||
| 500 | _a*CSS | ||
| 504 | _a | ||
| 700 | 1 | _aWatkins, Christopher D . | |
| 942 | _cBK | ||
| 999 |
_c9585 _d9585 |
||